Kötőszövetek

Elmentve itt :
Bibliográfiai részletek
Szerző: Nógrádi Antal
Dokumentumtípus: Videó
Megjelent: 2023-10-05
Kulcsszavak:szövettan
Tárgyszavak:
Online Access:http://eta.bibl.u-szeged.hu/5877
LEADER 00682ngm a2200205 i 4500
001 eta5877
005 20231009154101.0
008 231009s2023 hu o 0|| hun d
040 |a SZTE Elektronikus Tananyag Archívum  |b hun 
041 |a hun 
100 1 |a Nógrádi Antal 
245 1 0 |a Kötőszövetek  |h [elektronikus dokumentum] /  |c  Nógrádi Antal 
260 |c 2023-10-05 
516 |a Video 
650 4 |a Orvos- és egészségtudomány 
650 4 |a Általános orvostudomány 
650 4 |a Anatómia és morfológia 
650 4 |a Humán anatómia 
695 |a szövettan 
856 4 0 |u https://eta.bibl.u-szeged.hu/5877/1/2023-24_sem1_lect_hun_online02_-_kotoszovetek.mp4  |z Dokumentum-elérés